000 00621nam a2200205Ia 4500
003 GCL
008 140319s9999 xx 000 0 ara d
040 _aGCL /
_cGCL
082 0 4 _a348.02
_bس ق
100 1 _aسعيد احمد شعلة
245 1 0 _aقضاء النقض المدنى فى التعويض /
_cسعيد احمد شعلة
260 _a[S.N] :
_bدار الفكر الجامعى ،
_c1993
300 _a494 ص
490 _a
650 0 4 _aالقانون
650 0 4 _aقوانين وتشريعات
650 0 4 _aالمحاكم
650 0 4 _aمحاكم النقض والابرام
942 _2ddc
_cBK
999 _c41957
_d41957